|
|
|
|
| LEADER |
01191nam a2200349 a 4500 |
| 001 |
000108935 |
| 003 |
CZ BrMZK |
| 005 |
20220826115002.0 |
| 007 |
ta |
| 008 |
960815s1996 gw f 0 ger d |
| 020 |
|
|
|a 3-484-30355-7
|
| 040 |
|
|
|a BOA001
|b cze
|
| 072 |
|
7 |
|a 81
|x Lingvistika. Jazyky
|2 Konspekt
|9 11
|
| 080 |
|
|
|a 811.112.2
|2 MRF
|
| 080 |
|
|
|a 81'367.635
|2 MRF
|
| 080 |
|
|
|a 811.162.3
|2 MRF
|
| 080 |
|
|
|a (048.8)
|2 MRF
|
| 100 |
1 |
|
|a Nekula, Marek,
|d 1965-
|7 jn20000401847
|4 aut
|
| 245 |
1 |
0 |
|a System der Partikeln im Deutschen und Tschechischen :
|b unter besonderer Berücksichtigung der Abtönungspartikeln /
|c Marek Nekula.
|
| 260 |
|
|
|a Tübingen :
|b Niemeyer,
|c 1996
|
| 300 |
|
|
|a xiii, 220 s. ;
|c 24 cm
|
| 490 |
1 |
|
|a Linguistische Arbeiten ;
|v 355
|
| 500 |
|
|
|a Bibliogr.
|
| 541 |
|
|
|a Nekula, Marek,FF Bo
|
| 650 |
0 |
7 |
|a němčina
|7 ph115512
|2 czenas
|
| 650 |
0 |
7 |
|a částice (lingvistika)
|7 ph312518
|2 czenas
|
| 650 |
0 |
7 |
|a čeština
|7 ph135292
|2 czenas
|
| 655 |
|
7 |
|a studie
|7 fd133597
|2 czenas
|
| 830 |
|
0 |
|a Linguistische Arbeiten
|
| 910 |
|
|
|a BOA001
|b 2-1027.196
|
| 990 |
|
|
|a BK
|
| 996 |
7 |
|
|b 2610044993
|c 2-1027.196
|l MZK
|r Sklad / do 1 hodiny
|n 44
|p dar
|w 000108935
|u 000010
|a 1
|e BOA001
|j MZK50
|s A
|